<?xml version='1.0' encoding='UTF-8'?>
  <record xmlns="http://www.loc.gov/MARC21/slim">
    <leader>00000cam a22000007i 4500</leader>
    <controlfield tag="001">ocm68855417</controlfield>
    <controlfield tag="003">OCoLC</controlfield>
    <controlfield tag="005">20240619083424.8</controlfield>
    <controlfield tag="008">960129s1601    ne            000 0 dut d</controlfield>
    <datafield tag="040" ind1=" " ind2=" ">
      <subfield code="a">NLGGC</subfield>
      <subfield code="b">dut</subfield>
      <subfield code="e">fobidrtb</subfield>
      <subfield code="c">NLGGC</subfield>
      <subfield code="d">OCLCO</subfield>
      <subfield code="d">OCLCA</subfield>
      <subfield code="d">OCLCL</subfield>
      <subfield code="d">OCLCQ</subfield>
    </datafield>
    <datafield tag="029" ind1="0" ind2=" ">
      <subfield code="a">NLGGC</subfield>
      <subfield code="b">145261581</subfield>
    </datafield>
    <datafield tag="035" ind1=" " ind2=" ">
      <subfield code="a">(OCoLC)68855417</subfield>
    </datafield>
    <datafield tag="041" ind1="1" ind2=" ">
      <subfield code="a">dut</subfield>
      <subfield code="h">ger</subfield>
    </datafield>
    <datafield tag="100" ind1="1" ind2=" ">
      <subfield code="a">Wirsung, Christoph,</subfield>
      <subfield code="d">1500-1571.</subfield>
      <subfield code="1">https://id.oclc.org/worldcat/entity/E39PBJdx94D6DX6KvkvrgGMMfq</subfield>
    </datafield>
    <datafield tag="245" ind1="1" ind2="0">
      <subfield code="a">Medecyn boec. Daer inne alle wtwendighe, ende inwendige parthyen des menschen lichaems, met alle hare sieckten ende ghebreken, van den hoofde af, tot de voeten toe, begrepen zijn, ende daerinne ooc geleert wort, hoe datmen alle deselve ... helpen, ende cureren sal ... /</subfield>
      <subfield code="c">Door ... Christophorvm Wirtsung ... inde Hoochduytsche sprake wtghegeven, ende nu wt de vierde editie ... overgheset, door D. Carolvm Battvm, ... Hier achter is by gevoecht, eenen excellenten, nieuwen, geapprobeerden Coc-boeck.</subfield>
    </datafield>
    <datafield tag="246" ind1="3" ind2=" ">
      <subfield code="a">Medecyn boec</subfield>
    </datafield>
    <datafield tag="246" ind1="3" ind2=" ">
      <subfield code="a">seer schonen, ende excellenten coc-boeck</subfield>
    </datafield>
    <datafield tag="250" ind1=" " ind2=" ">
      <subfield code="a">De derde verbeterde druck.</subfield>
    </datafield>
    <datafield tag="260" ind1=" " ind2=" ">
      <subfield code="a">Tot Dordrecht :</subfield>
      <subfield code="b">ghedruckt by Isaac Ianssz. Canin,</subfield>
      <subfield code="c">1601.</subfield>
    </datafield>
    <datafield tag="300" ind1=" " ind2=" ">
      <subfield code="a">[20], 676, [82] p. ;</subfield>
      <subfield code="c">in-2.</subfield>
    </datafield>
    <datafield tag="336" ind1=" " ind2=" ">
      <subfield code="a">tekst</subfield>
      <subfield code="b">txt</subfield>
      <subfield code="2">rdacontent/dut</subfield>
    </datafield>
    <datafield tag="337" ind1=" " ind2=" ">
      <subfield code="a">zonder medium</subfield>
      <subfield code="b">n</subfield>
      <subfield code="2">rdamedia/dut</subfield>
    </datafield>
    <datafield tag="338" ind1=" " ind2=" ">
      <subfield code="a">band</subfield>
      <subfield code="b">nc</subfield>
      <subfield code="2">rdacarrier/dut</subfield>
    </datafield>
    <datafield tag="500" ind1=" " ind2=" ">
      <subfield code="a">@ 2  * 8  A-2Y 8  2Z 6  2 A 8  2 B 4  2 [C]1.</subfield>
    </datafield>
    <datafield tag="500" ind1=" " ind2=" ">
      <subfield code="a">Met drukkersmerk in hsn. Motto: Siet De Leevw VVt Den Geslachte Ivda De Wortel Davids Heeft Overwonnen. Ap. 5.</subfield>
    </datafield>
    <datafield tag="500" ind1=" " ind2=" ">
      <subfield code="a">Het toegevoegde stuk, met afz. sign., ongepag.: 'Eenen seer schoonen, ende excellenten Coc-boeck inhoudende alderleye wel geexperimenteerde cokagien, van gebraedt, ghesoden, pasteyen, taerten, toerten, vlaeyen, saussen, sopen, ende diergelijcke: ooc diversche confeytueren ende drancken'</subfield>
    </datafield>
    <datafield tag="510" ind1="0" ind2=" ">
      <subfield code="a">BMN 1-71</subfield>
    </datafield>
    <datafield tag="510" ind1="0" ind2=" ">
      <subfield code="a">Krivatsy 13067</subfield>
    </datafield>
    <datafield tag="510" ind1="0" ind2=" ">
      <subfield code="a">Ferro 83b</subfield>
    </datafield>
    <datafield tag="530" ind1=" " ind2=" ">
      <subfield code="a">Titel is geselecteerd voor digitalisering voor de Universiteit van Amsterdam in het kader van het Google Books-project.</subfield>
    </datafield>
    <datafield tag="700" ind1="1" ind2=" ">
      <subfield code="a">Battus, Carolus,</subfield>
      <subfield code="d">ca. 1540-1617.</subfield>
      <subfield code="1">https://id.oclc.org/worldcat/entity/E39PBJg4kCxKCcwGq96QMft7pP</subfield>
    </datafield>
    <datafield tag="710" ind1="0" ind2=" ">
      <subfield code="a">Canin, Isaac Jansz (Dordrecht)</subfield>
      <subfield code="4">prt</subfield>
      <subfield code="0">(NL-LeOCL)077149432</subfield>
    </datafield>
    <datafield tag="776" ind1="0" ind2=" ">
      <subfield code="t">Medecyn boec. Daer inne alle wtwendighe, ende inwendige parthyen des menschen lichaems, met alle hare sieckten ende ghebreken, van den hoofde af, tot de voeten toe, begrepen zijn, ende daerinne ooc geleert wort, hoe datmen alle deselve ... helpen, ende cureren sal ...</subfield>
      <subfield code="w">(NL-LeOCL)396898076</subfield>
    </datafield>
    <datafield tag="936" ind1=" " ind2=" ">
      <subfield code="a">BATCHLOAD</subfield>
    </datafield>
  </record>